| 000 | 00526nam a22001577a 4500 | ||
|---|---|---|---|
| 003 | NUST | ||
| 082 | _a610 | ||
| 100 |
_aRAUF ,NAMRA _9121704 |
||
| 245 |
_aAUTOMATIC DETECTION OF PATHOLOGICAL MYOPIA USING DEEP LEARNING / _cNAMRA RAUF |
||
| 264 |
_aIslamabad: _bSMME- NUST. _c2018. |
||
| 300 |
_a55p. ; _bSoft Copy _c33cm. |
||
| 650 |
_aMS Biomedical Engineering (BME) _9119509 |
||
| 700 |
_aSuperviser : Dr Syed Omer Gilani _9121705 |
||
| 856 | _uhttp://10.250.8.41:8080/xmlui/handle/123456789/8428 | ||
| 942 |
_2ddc _cTHE |
||
| 999 |
_c608497 _d608497 |
||